PLANT resources of South-East Asia : Basic list of species and commodity grouping :

Bibliographic Details
Other Authors: Jansen
Format: Book
Published: Bogor, Indonesia : PROSEA , 1993
Subjects:

MARC

LEADER 00000cam a2200000 7i4500
001 0000001026
005 20011023.0
020 0 0 |a 9798316142 
090 0 0 |a R580   |b PLA 1993 
245 0 0 |a PLANT resources of South-East Asia :   |b Basic list of species and commodity grouping :   |b Final version   |c P. C. M. Jansen ... (et al.) 
260 0 0 |a Bogor, Indonesia :   |b PROSEA ,   |c 1993 
300 |a 372 p. ;   |c 26 cm. 
650 0 0 |a Botany, Economic   |z Asia, Southeastern 
700 0 1 |a Jansen   |h P. C. M. 
998 |a JPSM 
999 |a 0000002539   |b Monograph   |c Reference   |e Default branch